MARC details
| 000 -LEADER |
| campo de control de longitud fija |
01848nam a2200373 i 4500 |
| 001 - NÚMERO DE CONTROL |
| campo de control |
156732 |
| 003 - IDENTIFICADOR DE NÚMERO DE CONTROL |
| campo de control |
ES-MaACL |
| 005 - FECHA Y HORA DE LA ÚLTIMA TRANSACCIÓN |
| campo de control |
20250829082741.0 |
| 008 - DATOS DE LONGITUD FIJA--INFORMACIÓN GENERAL |
| campo de control de longitud fija |
040806e1799 gw abc||r 001 0dfre d |
| 040 ## - FUENTE DE CATALOGACIÓN |
| Centro/agencia transcriptor |
ES-MaACL |
| 080 ## - NÚMERO DE LA CLASIFICACIÓN DECIMAL UNIVERSAL |
| Número de la Clasificación Decimal Universal |
910.4"17" |
| 080 ## - NÚMERO DE LA CLASIFICACIÓN DECIMAL UNIVERSAL |
| Número de la Clasificación Decimal Universal |
910.4(100)"17" |
| 080 ## - NÚMERO DE LA CLASIFICACIÓN DECIMAL UNIVERSAL |
| Número de la Clasificación Decimal Universal |
929 La Pérouse, Jean-François de Galaup, comte de |
| 100 1# - ENTRADA PRINCIPAL--NOMBRE DE PERSONA |
| Nombre de persona |
La Pérouse, Jean-François de Galaup, |
| Títulos y otros términos asociados al nombre |
comte de, |
| Fechas asociadas al nombre |
1741-1788 |
| Término indicativo de función/relación |
Autor |
| 9 (RLIN) |
128525 |
| 245 10 - MENCIÓN DEL TÍTULO |
| Título |
Relation abrégée du voyage de La Pérouse : |
| Resto del título |
pendant les années 1785, 1786, 1787 et 1788 ; pour faire suite à l'Abrégé de l'histoire générale de Voyages, par Laharpe ; avec portrait, figures et carte |
| 246 1# - FORMA VARIANTE DEL TITULO |
| Título propio/Titulo breve |
Abrégé de l'histoire générale de voyages |
| 260 ## - PUBLICACIÓN, DISTRIBUCIÓN, ETC. |
| Lugar de publicación, distribución, etc. |
A Leipsick : |
| Nombre del editor, distribuidor, etc. |
[s.n.], |
| Fecha de publicación, distribución, etc. |
1799 |
| 300 ## - DESCRIPCIÓN FÍSICA |
| Extensión |
XXXVI, 562 páginas, [2] en blanco, [6] hojas de láminas (blanco y negro) ; |
| Dimensiones |
8º |
| 500 ## - NOTA GENERAL |
| Nota general |
Índice |
| 530 ## - NOTA DISPONIBLE DE FORMULARIO FÍSICO ADICIONAL |
| Nota de formato físico adicional disponible |
Disponible en formato digital |
| 597 ## - NOTA A LA DESCRIPCION FISICA |
| Nota |
Sign.: A-B8, C2, 1-358, 362. |
| 599 ## - NOTA A LAS ILUSTRACIONES |
| Nota |
Hojas de láminas: grabados xilográficos, retrato del autor y escenas de nativos de diversos pueblos |
| 600 14 - PUNTO DE ACCESO ADICIONAL DE MATERIA--NOMBRE DE PERSONA |
| Nombre de persona |
La Pérouse, Jean-François de Galaup, |
| Títulos y otros términos asociados al nombre |
comte de, |
| Fechas asociadas al nombre |
1741-1788 |
| 9 (RLIN) |
128525 |
| 650 #7 - PUNTO DE ACCESO ADICIONAL DE MATERIA--TÉRMINO DE MATERIA |
| Término de materia o nombre geográfico como elemento de entrada |
Descubrimientos geográficos |
| Fuente del encabezamiento o término |
embne |
| 9 (RLIN) |
11827 |
| 650 #4 - PUNTO DE ACCESO ADICIONAL DE MATERIA--TÉRMINO DE MATERIA |
| Término de materia o nombre geográfico como elemento de entrada |
Viajes alrededor del mundo- |
| Subdivisión cronológica |
S.XVIII |
| 9 (RLIN) |
159809 |
| 655 #4 - TERMINO DE INDIZACIÓN--GENERO/FORMA |
| Datos o término principal de género/forma |
Narraciones de viajes |
| 9 (RLIN) |
233914 |
| 700 1# - ENTRADA AGREGADA--NOMBRE PERSONAL |
| 9 (RLIN) |
139042 |
| Nombre de persona |
La Harpe, Jean-François de, |
| Fechas asociadas al nombre |
1739-1803 |
| Término indicativo de función/relación |
Autor |
| 752 ## - ENTRADA AGREGADA--NOMBRE JERÁRQUICO DEL LUGAR |
| País o entidad superior |
Alemania - |
| Ciudad |
Leipzig |
| 852 4# - LOCALIZACIÓN |
| Ubicación |
ES-MaACL |
| Ubicación en estantería |
Depósito |
| Signatura antigua |
Olim:G-10247 |
| Anotaciones manuscritas |
Anot. ms.: "Lisbonne Février 1841" |
| Número de control de estantería |
R-1202 |
| Encuadernación |
Holandesa |
| 856 4# - LOCALIZACIÓN Y ACCESO ELECTRÓNICOS |
| Identificador Uniforme de Recursos |
<a href="https://archive.org/details/cihm_45471/page/n5/mode/2up">https://archive.org/details/cihm_45471/page/n5/mode/2up</a> |
| Texto de enlace |
Versión en línea |
| Nota pública |
(Internet Archive) |
| 856 4# - LOCALIZACIÓN Y ACCESO ELECTRÓNICOS |
| Identificador Uniforme de Recursos |
<a href="https://babel.hathitrust.org/cgi/pt?id=aeu.ark:/13960/t3bz71h05&seq=6">https://babel.hathitrust.org/cgi/pt?id=aeu.ark:/13960/t3bz71h05&seq=6</a> |
| Texto de enlace |
Versión en línea |
| Nota pública |
(HathiTrust) |
| 942 ## - ELEMENTOS DE ENTRADA SECUNDARIOS (KOHA) |
| Tipo de ítem Koha |
Libro impreso antiguo |
| Suprimir en OPAC |
No |